Counties of Hungary - Statistics

General Stats
  • This quiz has been taken 980 times
  • The average score is 14 of 19
Answer Stats
Answer % Correct
Pest
95%
Győr-Moson-Sopron
86%
Zala
83%
Vas
81%
Fejér
79%
Veszprém
78%
Borsod-Abaúj-Zemplén
77%
Baranya
76%
Heves
74%
Nógrád
74%
Békés
73%
Csongrád
72%
Tolna
71%
Bács-Kiskun
70%
Hajdú-Bihar
69%
Somogy
69%
Jász-Nagykun-Szolnok
68%
Komárom-Esztergom
68%
Szabolcs-Szatmár-Bereg
68%
No matching quizzes found
Score Distribution
Percent of People with Each Score
Percentile by Number Answered
Your Score History
You have not taken this quiz